[Event "Open de Otoño Fundación CajaCanarias"]
[Site "Santa Cruz de Tenerife ESP"]
[Date "2014.10.29"]
[Round "2.9"]
[White "Perez Gutierrez, Nauzet"]
[Black "Rodriguez Redondo, Ethan"]
[Result "0-1"]
[WhiteElo "2065"]
[BlackElo "1729"]
[PlyCount "62"]
[EventDate "2014.10.27"]
[EventType "swiss"]
[EventRounds "9"]
[EventCountry "ESP"]
[Source "lmi"]
[SourceDate "2014.10.27"]

1. e4 c5 2. Nf3 e6 3. c3 d5 4. exd5 Qxd5 5. d4 Nc6 6. Be2 Nf6 7. Na3 cxd4 8.
Nb5 Qd8 9. cxd4 a6 10. Nc3 Be7 11. O-O O-O 12. h3 b5 13. Be3 Bb7 14. Qd2 Nb4
15. Ne5 Nbd5 16. Bd3 Rc8 17. Rac1 Nd7 18. Qe2 Nxe3 19. Qxe3 Nxe5 20. dxe5 Bc5
21. Qe2 Bd4 22. Rfd1 Qg5 23. Be4 Bxe4 24. Nxe4 Qxe5 25. b3 Rxc1 26. Rxc1 f5 27.
Ng3 Qxg3 28. Qxe6+ Kh8 29. Qxf5 Qxf2+ 30. Qxf2 Bxf2+ 31. Kh2 a5 0-1

[Event "Open de Otoño Fundación CajaCanarias"]
[Site "Santa Cruz de Tenerife ESP"]
[Date "2014.10.29"]
[Round "2.10"]
[White "Guniaeva, Olga"]
[Black "Kraus, Oliver"]
[Result "0-1"]
[WhiteElo "1685"]
[BlackElo "2024"]
[PlyCount "146"]
[EventDate "2014.10.27"]
[EventType "swiss"]
[EventRounds "9"]
[EventCountry "ESP"]
[Source "lmi"]
[SourceDate "2014.10.27"]

1. d4 d5 2. c4 e6 3. Nc3 c6 4. Nf3 dxc4 5. a4 Bb4 6. Bd2 b5 7. axb5 Bxc3 8.
Bxc3 cxb5 9. e3 Bb7 10. Be2 Nf6 11. b3 a5 12. bxc4 b4 13. Bb2 O-O 14. O-O Nbd7
15. Nd2 Ne4 16. Nxe4 Bxe4 17. f3 Bb7 18. e4 Qc7 19. d5 e5 20. Kh1 Rfd8 21. Qc2
Nc5 22. Rfd1 a4 23. Qd2 a3 24. Bxe5 Qxe5 25. Qxb4 Qd6 26. Rxa3 Rxa3 27. Qxa3
Nxe4 28. Qxd6 Nxd6 29. c5 Ne8 30. c6 Bc8 31. Kg1 Kf8 32. Kf2 Ke7 33. Ke3 Kd6
34. f4 Nf6 35. Bf3 Bg4 36. Bxg4 Nxg4+ 37. Kf3 Nf6 38. h3 Nxd5 39. Ke4 Kxc6 40.
Rc1+ Kd6 41. Rd1 Re8+ 42. Kf3 f5 43. g3 Rc8 44. Ke2 Rc3 45. Kf2 Ke6 46. Rd2 Kf6
47. Ra2 h5 48. Ra6+ Kf7 49. Ra7+ Kg6 50. Ra6+ Nf6 51. Kg2 Kh7 52. Ra5 g6 53. g4
hxg4 54. hxg4 Nxg4 55. Ra7+ Kh6 56. Ra8 Nf6 57. Rh8+ Kg7 58. Ra8 Nh5 59. Ra7+
Kh6 60. Ra4 Re3 61. Kf2 Re4 62. Rxe4 fxe4 63. Ke3 Nf6 64. Kf2 Kh5 65. Kg3 Nd5
66. Kf2 Kg4 67. Ke2 Kxf4 68. Kf2 e3+ 69. Ke2 Nc3+ 70. Ke1 Kf3 71. Kf1 e2+ 72.
Ke1 Nd5 73. Kd2 Kf2 0-1

[Event "Open de Otoño Fundación CajaCanarias"]
[Site "Santa Cruz de Tenerife ESP"]
[Date "2014.10.29"]
[Round "2.11"]
[White "Thoene, Ruediger"]
[Black "Gonzalez Moreno, Juan Carlos"]
[Result "1-0"]
[WhiteElo "1974"]
[BlackElo "1714"]
[PlyCount "89"]
[EventDate "2014.10.27"]
[EventType "swiss"]
[EventRounds "9"]
[EventCountry "ESP"]
[Source "lmi"]
[SourceDate "2014.10.27"]

1. c4 e5 2. b3 Bc5 3. Bb2 Nf6 4. e3 d6 5. Nc3 a6 6. Qc2 Bd7 7. Nf3 Nc6 8. Rd1
Ne7 9. d4 exd4 10. exd4 Bf5 11. Bd3 Bxd3 12. Rxd3 Bb4 13. d5 Ne4 14. O-O Bxc3
15. Bxc3 Nxc3 16. Rxc3 O-O 17. Ng5 Ng6 18. Rg3 Qf6 19. Ne4 Qd4 20. Rd1 Qb6 21.
Ng5 Rae8 22. h4 h6 23. Nxf7 Rxf7 24. Rxg6 Ref8 25. Rd2 Rf4 26. g3 Rf3 27. Kg2
Qc5 28. Rg4 R8f7 29. Re2 c6 30. Re8+ Rf8 31. Rxf8+ Rxf8 32. dxc6 Qxc6+ 33. Qe4
Qc7 34. Qd5+ Kh8 35. Rg6 Qb6 36. Qd2 Qc6+ 37. Kg1 Qc5 38. Re6 Rd8 39. Qd5 Qxd5
40. cxd5 Rd7 41. Kg2 Kg8 42. Kh3 Kf7 43. Kg4 g6 44. h5 gxh5+ 45. Kxh5 1-0

[Event "Open de Otoño Fundación CajaCanarias"]
[Site "Santa Cruz de Tenerife ESP"]
[Date "2014.10.29"]
[Round "2.14"]
[White "Hernandez Estevez, Andres Davi"]
[Black "Perez De La Torre, Jorge"]
[Result "0-1"]
[WhiteElo "1296"]
[BlackElo "1628"]
[PlyCount "30"]
[EventDate "2014.10.27"]
[EventType "swiss"]
[EventRounds "9"]
[EventCountry "ESP"]
[Source "lmi"]
[SourceDate "2014.10.27"]

1. e4 c5 2. Nf3 g6 3. d4 cxd4 4. Nxd4 Nc6 5. Be3 Bg7 6. Nc3 Nf6 7. Bc4 O-O 8.
f3 Qb6 9. Bb3 Nxe4 10. Nxe4 Bxd4 11. Bxd4 Qxd4 12. Qxd4 Nxd4 13. Bd5 Nxc2+ 14.
Kd2 Nxa1 15. g4 e6 0-1

[Event "Open de Otoño Fundación CajaCanarias"]
[Site "Santa Cruz de Tenerife ESP"]
[Date "2014.10.29"]
[Round "2.15"]
[White "Diaz Reyes, Killian"]
[Black "Sosa Sosa, Jose Manuel"]
[Result "0-1"]
[WhiteElo "1139"]
[BlackElo "1551"]
[PlyCount "100"]
[EventDate "2014.10.27"]
[EventType "swiss"]
[EventRounds "9"]
[EventCountry "ESP"]
[Source "lmi"]
[SourceDate "2014.10.27"]

1. e4 c5 2. Nf3 Nc6 3. d4 cxd4 4. Nxd4 g6 5. Nxc6 bxc6 6. Nc3 Bg7 7. Bd2 Rb8 8.
Qb1 Nf6 9. Bd3 d5 10. exd5 Nxd5 11. Qc1 Qa5 12. Nxd5 Qxd5 13. O-O Bxb2 14. Qb1
Be5 15. Qe1 Bxa1 16. Qxa1 f6 17. a3 O-O 18. Qc3 Kg7 19. Re1 Be6 20. Be4 Qc4 21.
Qxc4 Bxc4 22. Bxc6 Rb6 23. Rxe7+ Rf7 24. Rxf7+ Kxf7 25. f3 Rxc6 26. Kf2 Bd5 27.
c3 Ra6 28. Bc1 Rb6 29. Ke3 Ke6 30. g3 Rb3 31. Kd4 Bxf3 32. Kc4 Bd5+ 33. Kd4 Rb1
34. Bf4 g5 35. Bd2 Rb2 36. Kd3 Ra2 37. Bc1 Rxh2 38. c4 Bxc4+ 39. Kxc4 Rc2+ 40.
Kb5 Rxc1 41. Ka6 Ra1 42. Kxa7 Rxa3+ 43. Kb6 Rc3 44. g4 Kd5 45. Kb7 Kd6 46. Kb8
Rc7 47. Ka8 Kc6 48. Kb8 Re7 49. Ka8 Kb6 50. Kb8 Re8# 0-1

[Event "Open de Otoño Fundación CajaCanarias"]
[Site "Santa Cruz de Tenerife ESP"]
[Date "2014.10.29"]
[Round "2.16"]
[White "Perez Perez, Gabriel"]
[Black "Diaz Reyes, Franklin"]
[Result "1-0"]
[WhiteElo "1534"]
[BlackElo "1299"]
[PlyCount "120"]
[EventDate "2014.10.27"]
[EventType "swiss"]
[EventRounds "9"]
[EventCountry "ESP"]
[Source "lmi"]
[SourceDate "2014.10.27"]

1. d4 d5 2. c4 c6 3. Nc3 Nf6 4. cxd5 cxd5 5. Bg5 h6 6. Bxf6 exf6 7. e3 Bb4 8.
Bd3 Qc7 9. Rc1 Be6 10. a3 Bxc3+ 11. Rxc3 Qd7 12. Ne2 O-O 13. O-O Nc6 14. Nf4
Bf5 15. Rc5 Ne7 16. Bxf5 Qxf5 17. Qb3 b6 18. Rc7 Rfe8 19. Rfc1 Rac8 20. h3 Red8
21. Rxc8 Rxc8 22. Rxc8+ Qxc8 23. Nxd5 Nxd5 24. Qxd5 Qc1+ 25. Kh2 Qxb2 26. Qa8+
Kh7 27. Qxa7 Qxf2 28. Qxb6 Qxe3 29. Qd6 Qd3 30. a4 Qd2 31. d5 Qa5 32. Qc6 Qb4
33. Kg3 Qb3+ 34. Kf2 Qb2+ 35. Ke3 Qb3+ 36. Kd4 Qb4+ 37. Qc4 Qb6+ 38. Qc5 Qb2+
39. Kc4 Qc2+ 40. Kb5 Qb3+ 41. Ka5 Qb7 42. d6 Qa8+ 43. Kb5 Qb7+ 44. Qb6 Qxg2 45.
Qc7 Qb2+ 46. Ka6 Qe2+ 47. Kb6 Qe3+ 48. Qc5 Qb3+ 49. Kc7 Qxh3 50. a5 h5 51. a6
Qf3 52. Qc6 Qa3 53. d7 Qg3+ 54. Kc8 h4 55. d8=Q h3 56. a7 h2 57. a8=Q f5 58.
Qf3 Qg6 59. Qh4+ Qh6 60. Qxf5+ g6 1-0

[Event "Open de Otoño Fundación CajaCanarias"]
[Site "Santa Cruz de Tenerife ESP"]
[Date "2014.10.29"]
[Round "2.17"]
[White "Ruiz Yanes, Jose David"]
[Black "Perez Garcia, Jimena"]
[Result "1-0"]
[WhiteElo "1487"]
[BlackElo "1120"]
[PlyCount "63"]
[EventDate "2014.10.27"]
[EventType "swiss"]
[EventRounds "9"]
[EventCountry "ESP"]
[Source "lmi"]
[SourceDate "2014.10.27"]

1. d4 Nf6 2. c4 g6 3. Nc3 Bg7 4. e4 d6 5. f3 O-O 6. Be3 Nbd7 7. Qd2 e5 8. d5 h5
9. Nh3 Nh7 10. Bd3 f5 11. exf5 gxf5 12. Bh6 Qf6 13. Bxg7 Qxg7 14. O-O-O Nc5 15.
Bc2 Rb8 16. Nf2 a6 17. h3 Nf6 18. g4 hxg4 19. hxg4 f4 20. g5 Nfd7 21. Ng4 Kf7
22. Rh7 Qxh7 23. Bxh7 b5 24. Qc2 b4 25. Ne4 b3 26. axb3 Nxb3+ 27. Kb1 Nd4 28.
Qh2 Nc5 29. g6+ Ke7 30. Qh4+ Ke8 31. Ngf6+ Ke7 32. Ng8+ 1-0

[Event "Open de Otoño Fundación CajaCanarias"]
[Site "Santa Cruz de Tenerife ESP"]
[Date "2014.10.29"]
[Round "2.19"]
[White "Montilla Bejarano, Carmen"]
[Black "Rodriguez Redondo, Adhara"]
[Result "0-1"]
[WhiteElo "1113"]
[BlackElo "1510"]
[PlyCount "66"]
[EventDate "2014.10.27"]
[EventType "swiss"]
[EventRounds "9"]
[EventCountry "ESP"]
[Source "lmi"]
[SourceDate "2014.10.27"]

1. e4 e5 2. Nf3 Nc6 3. Nc3 Nf6 4. d4 exd4 5. Nxd4 Bb4 6. Bg5 O-O 7. Bc4 Re8 8.
Bd5 h6 9. Bxf6 Qxf6 10. Bxc6 dxc6 11. O-O Bxc3 12. bxc3 Rxe4 13. Qd3 Re5 14.
Qf3 Qxf3 15. Nxf3 Rc5 16. Rfe1 Be6 17. Re3 Rd8 18. h4 Re8 19. Nd4 Bd7 20. Rxe8+
Bxe8 21. Re1 Kf8 22. Re3 Ra5 23. Rf3 Bd7 24. a3 Rxa3 25. c4 Rxf3 26. Nxf3 Ke7
27. Kf1 Kd6 28. Ke2 Bg4 29. Kd3 Bxf3 30. gxf3 b5 31. Kc3 Kc5 32. cxb5 cxb5 33.
f4 a5 0-1

[Event "Open de Otoño Fundación CajaCanarias"]
[Site "Santa Cruz de Tenerife ESP"]
[Date "2014.10.29"]
[Round "2.20"]
[White "Molina Rodriguez, Borja"]
[Black "Martinez Morina, Manel"]
[Result "1-0"]
[WhiteElo "2140"]
[BlackElo "1826"]
[PlyCount "103"]
[EventDate "2014.10.27"]
[EventType "swiss"]
[EventRounds "9"]
[EventCountry "ESP"]
[Source "lmi"]
[SourceDate "2014.10.27"]

1. e4 c5 2. Nf3 e6 3. d4 cxd4 4. Nxd4 a6 5. Nc3 b5 6. Bd3 Qb6 7. Nb3 Qc7 8. O-O
Nf6 9. f4 d6 10. e5 Nfd7 11. exd6 Bxd6 12. Qg4 g6 13. Be3 Nc6 14. Rad1 Bf8 15.
Qh4 Bg7 16. Ne4 O-O 17. c3 Bb7 18. Nbc5 Nxc5 19. Nxc5 Ne7 20. Nxb7 Qxb7 21. Qf2
Rfd8 22. g4 Rac8 23. Qf3 Qxf3 24. Rxf3 Rd5 25. Be2 Rxd1+ 26. Bxd1 Rd8 27. Be2
Nc6 28. Rf1 Rd7 29. Rd1 Rxd1+ 30. Bxd1 b4 31. Bf3 Na5 32. cxb4 Nc4 33. Bc5 Nxb2
34. Be2 Na4 35. Bd6 Bd4+ 36. Kg2 Nc3 37. Bxa6 Nxa2 38. Bc4 Nc3 39. Kf3 Na4 40.
Ke4 Bg1 41. h3 Nb6 42. Bb3 Kg7 43. Bc7 Kf8 44. Bd6+ Ke8 45. b5 Kd7 46. Bb4 Nc8
47. Ke5 Ke8 48. Ba5 Ke7 49. Bb4+ Ke8 50. f5 exf5 51. gxf5 Ne7 52. fxg6 1-0

[Event "Open de Otoño Fundación CajaCanarias"]
[Site "Santa Cruz de Tenerife ESP"]
[Date "2014.10.29"]
[Round "2.21"]
[White "Gonzalez Diaz, Eusebio"]
[Black "Redondo Terron, Eva"]
[Result "1-0"]
[WhiteElo "1440"]
[BlackElo "1029"]
[PlyCount "47"]
[EventDate "2014.10.27"]
[EventType "swiss"]
[EventRounds "9"]
[EventCountry "ESP"]
[Source "lmi"]
[SourceDate "2014.10.27"]

1. e4 e5 2. Nf3 Nc6 3. Bc4 Na5 4. Bxf7+ Kxf7 5. Nxe5+ Ke8 6. Qh5+ g6 7. Nxg6
hxg6 8. Qxg6+ Ke7 9. Qg5+ Ke8 10. Qxa5 Qe7 11. d3 d6 12. Bg5 Qg7 13. Nd2 Qxb2
14. Rb1 Qg7 15. f4 Be7 16. Nf3 Bxg5 17. fxg5 b6 18. Qd5 Rb8 19. O-O Ne7 20.
Qb5+ c6 21. Qb4 c5 22. Qa4+ Kd8 23. Qxa7 Nc6 24. Qxg7 1-0

[Event "Open de Otoño Fundación CajaCanarias"]
[Site "Santa Cruz de Tenerife ESP"]
[Date "2014.10.30"]
[Round "3.1"]
[White "Hernandez Leon, Alberto"]
[Black "Pinto Henriquez, Rodrigo"]
[Result "1-0"]
[WhiteElo "2236"]
[BlackElo "2115"]
[PlyCount "89"]
[EventDate "2014.10.27"]
[EventType "swiss"]
[EventRounds "9"]
[EventCountry "ESP"]
[Source "lmi"]
[SourceDate "2014.10.27"]

1. Nf3 Nf6 2. c4 e6 3. g3 d5 4. Bg2 Nbd7 5. cxd5 exd5 6. O-O Bd6 7. Nc3 O-O 8.
d3 c6 9. e4 Re8 10. Re1 Bf8 11. h3 Nb6 12. e5 d4 13. exf6 Rxe1+ 14. Qxe1 dxc3
15. fxg7 Bxg7 16. bxc3 Qxd3 17. Qe8+ Bf8 18. Qxf7+ Kxf7 19. Ne5+ Kg8 20. Nxd3
Bg7 21. Be3 Bxc3 22. Rc1 Bg7 23. Nf4 Be5 24. Rc5 Bxf4 25. Bxf4 Be6 26. Rg5+ Kf7
27. Rh5 Kg7 28. Be4 Bg8 29. Be5+ Kf8 30. Bxh7 Bxa2 31. Bg6 Bg8 32. f4 Nc4 33.
Bc3 a5 34. f5 Rd8 35. f6 Rd5 36. Rxd5 Bxd5 37. h4 b5 38. h5 b4 39. h6 Nd6 40.
h7 Nf7 41. Bxf7 Kxf7 42. h8=Q bxc3 43. Qg7+ Ke6 44. Qe7+ Kf5 45. f7 1-0

[Event "Open de Otoño Fundación CajaCanarias"]
[Site "Santa Cruz de Tenerife ESP"]
[Date "2014.10.30"]
[Round "3.2"]
[White "Ramos Aguilar, Jose Manuel"]
[Black "Rodriguez Gonzalez, Javier"]
[Result "0-1"]
[WhiteElo "2103"]
[BlackElo "2229"]
[PlyCount "54"]
[EventDate "2014.10.27"]
[EventType "swiss"]
[EventRounds "9"]
[EventCountry "ESP"]
[Source "lmi"]
[SourceDate "2014.10.27"]

1. d4 d5 2. Nf3 Nf6 3. c4 e6 4. g3 Nbd7 5. Bg2 c6 6. O-O Bd6 7. Qc2 O-O 8. Nbd2
Re8 9. Rd1 Qe7 10. e4 Nxe4 11. Nxe4 dxe4 12. Qxe4 e5 13. dxe5 Nxe5 14. Nxe5
Bxe5 15. Bf4 Bf6 16. Qxe7 Bxe7 17. b3 Bf5 18. Re1 g5 19. Be3 Bb4 20. Rf1 Bd3
21. Rfd1 Bc3 22. Rac1 Bb2 23. Rxd3 Bxc1 24. Bxc1 Re1+ 25. Bf1 Rxc1 26. Kg2 Re8
27. Rf3 Ree1 0-1

[Event "Open de Otoño Fundación CajaCanarias"]
[Site "Santa Cruz de Tenerife ESP"]
[Date "2014.10.30"]
[Round "3.4"]
[White "Kraus, Oliver"]
[Black "Molina Rodriguez, Borja"]
[Result "0-1"]
[WhiteElo "2024"]
[BlackElo "2140"]
[PlyCount "78"]
[EventDate "2014.10.27"]
[EventType "swiss"]
[EventRounds "9"]
[EventCountry "ESP"]
[Source "lmi"]
[SourceDate "2014.10.27"]

1. e4 c5 2. Nf3 Nc6 3. Bb5 g6 4. Bxc6 dxc6 5. d3 Bg7 6. h3 Nf6 7. Nc3 O-O 8.
Be3 b6 9. Qd2 e5 10. Bh6 Qd6 11. O-O-O a5 12. g4 a4 13. Ne2 Be6 14. Kb1 b5 15.
Ng3 Ne8 16. Rdg1 c4 17. Bxg7 Nxg7 18. Qh6 f6 19. d4 exd4 20. e5 Qe7 21. exf6
Rxf6 22. Ng5 Ne8 23. Re1 Qg7 24. Qh4 Bd5 25. N5e4 Bxe4 26. Nxe4 Rf8 27. g5 a3
28. bxa3 Rxa3 29. Nc5 Nc7 30. Qe4 Nd5 31. Qe6+ Qf7 32. Kb2 Rfa8 33. Ra1 Nc3 34.
Rhe1 Rxa2+ 35. Rxa2 Rxa2+ 36. Kc1 Qxe6 37. Rxe6 Ra1+ 38. Kb2 Rb1+ 39. Ka3 b4#
0-1

[Event "Open de Otoño Fundación CajaCanarias"]
[Site "Santa Cruz de Tenerife ESP"]
[Date "2014.10.30"]
[Round "3.5"]
[White "Rodriguez Redondo, Ethan"]
[Black "Villavicencio Martinez, Adalbe"]
[Result "1/2-1/2"]
[WhiteElo "1729"]
[BlackElo "2318"]
[PlyCount "41"]
[EventDate "2014.10.27"]
[EventType "swiss"]
[EventRounds "9"]
[EventCountry "ESP"]
[Source "lmi"]
[SourceDate "2014.10.27"]

1. e4 g6 2. Nf3 Bg7 3. d4 d6 4. Nc3 Nf6 5. Be2 O-O 6. O-O Nc6 7. h3 a6 8. a4 d5
9. exd5 Nb4 10. Bc4 Bf5 11. Bb3 Nbxd5 12. Ne2 c6 13. a5 b5 14. Ng3 Be6 15. c3
Qc7 16. Re1 Rad8 17. Bxd5 Nxd5 18. Ne4 Bc8 19. Nc5 Rfe8 20. Nd3 h6 21. Bd2
1/2-1/2

[Event "Open de Otoño Fundación CajaCanarias"]
[Site "Santa Cruz de Tenerife ESP"]
[Date "2014.10.30"]
[Round "3.6"]
[White "Tatai, Stefano"]
[Black "Chirinos Rodriguez, Jonathan E"]
[Result "1-0"]
[WhiteElo "2331"]
[BlackElo "1538"]
[PlyCount "53"]
[EventDate "2014.10.27"]
[EventType "swiss"]
[EventRounds "9"]
[EventCountry "ESP"]
[Source "lmi"]
[SourceDate "2014.10.27"]

1. d4 d5 2. c4 c6 3. Nf3 Nf6 4. Nbd2 Bf5 5. g3 e6 6. Bg2 Be7 7. O-O O-O 8. Nh4
Bg4 9. h3 Bh5 10. g4 Bg6 11. Nxg6 hxg6 12. b3 Nbd7 13. Bb2 Re8 14. Qc2 Qc7 15.
Rac1 Rac8 16. e3 e5 17. cxd5 exd4 18. Bxd4 c5 19. Bb2 Qd6 20. Nc4 Qb8 21. Rfd1
b5 22. Na5 Bd6 23. Nc6 Qb6 24. b4 c4 25. Be4 Qc7 26. Nxa7 Ra8 27. Nxb5 1-0

[Event "Open de Otoño Fundación CajaCanarias"]
[Site "Santa Cruz de Tenerife ESP"]
[Date "2014.10.30"]
[Round "3.7"]
[White "Hernandez Leon, Sergio"]
[Black "Garcia Rodriguez, Pedro Leopol"]
[Result "1-0"]
[WhiteElo "2075"]
[BlackElo "1927"]
[PlyCount "36"]
[EventDate "2014.10.27"]
[EventType "swiss"]
[EventRounds "9"]
[EventCountry "ESP"]
[Source "lmi"]
[SourceDate "2014.10.27"]

1. e4 e6 2. Qe2 c5 3. Nf3 g6 4. g3 Bg7 5. Bg2 Ne7 6. O-O O-O 7. c3 Nbc6 8. d3
b5 9. Be3 d6 10. Rd1 b4 11. d4 bxc3 12. Nxc3 cxd4 13. Nxd4 Nxd4 14. Bxd4 Bxd4
15. Rxd4 Qb6 16. Rad1 Rb8 17. b3 Qa5 18. Qd2 Rd8 1-0

[Event "Open de Otoño Fundación CajaCanarias"]
[Site "Santa Cruz de Tenerife ESP"]
[Date "2014.10.30"]
[Round "3.8"]
[White "Rodriguez Perez, Mauro"]
[Black "Korneev Leskova, Svyatoslav"]
[Result "0-1"]
[WhiteElo "1941"]
[BlackElo "2075"]
[PlyCount "104"]
[EventDate "2014.10.27"]
[EventType "swiss"]
[EventRounds "9"]
[EventCountry "ESP"]
[Source "lmi"]
[SourceDate "2014.10.27"]

1. d4 Nf6 2. c4 c5 3. d5 b5 4. cxb5 a6 5. bxa6 g6 6. Nc3 Bg7 7. g3 Bxa6 8. Bg2
d6 9. Nf3 O-O 10. O-O Nbd7 11. Rb1 Qa5 12. Bd2 Rfb8 13. Qc2 Ng4 14. a4 Qb6 15.
b3 Ra7 16. h3 Nge5 17. Nxe5 Bxe5 18. Kh2 Rab7 19. Be3 Bxc3 20. Qxc3 Qb4 21. Qc2
c4 22. bxc4 Qxc4 23. Qxc4 Bxc4 24. Rxb7 Rxb7 25. Bh6 Bxe2 26. Ra1 Nc5 27. Be3
Ra7 28. a5 Kf8 29. Kg1 Ke8 30. Bf1 Ba6 31. h4 h5 32. f3 f5 33. Bh3 Bc4 34. Bxc5
dxc5 35. Rc1 Bxd5 36. Rxc5 Bxf3 37. Kf2 Be4 38. Ke3 Kd7 39. Kf4 Kd6 40. Rb5 Bc6
41. Re5 Bd5 42. Bxf5 gxf5 43. Rxf5 Rxa5 44. Rxh5 Ra4+ 45. Kf5 Be4+ 46. Kg5 Bf3
47. Rh6+ Ke5 48. Rg6 Rg4+ 49. Kh6 Kf5 50. Rg5+ Rxg5 51. hxg5 e5 52. g4+ Kxg4
0-1

[Event "Open de Otoño Fundación CajaCanarias"]
[Site "Santa Cruz de Tenerife ESP"]
[Date "2014.10.30"]
[Round "3.9"]
[White "Sosa Sosa, Jose Manuel"]
[Black "Perez Gutierrez, Nauzet"]
[Result "0-1"]
[WhiteElo "1551"]
[BlackElo "2065"]
[PlyCount "95"]
[EventDate "2014.10.27"]
[EventType "swiss"]
[EventRounds "9"]
[EventCountry "ESP"]
[Source "lmi"]
[SourceDate "2014.10.27"]

1. d4 d5 2. c4 e6 3. Nf3 Nf6 4. g3 a6 5. Bg2 Nbd7 6. cxd5 exd5 7. O-O Be7 8.
Nc3 O-O 9. Bg5 Re8 10. Nd2 c5 11. dxc5 Nxc5 12. Bxf6 Bxf6 13. Nxd5 Bxb2 14. Rb1
Bf6 15. Nb6 Rb8 16. Nxc8 Qxc8 17. e3 Qe6 18. Nb3 Ne4 19. Bxe4 Qxe4 20. Nc5 Qc6
21. Nd7 Rbd8 22. Nxf6+ Qxf6 23. Qb3 Rd7 24. Qb6 Re6 25. Qa7 h5 26. Rxb7 Rd2 27.
Rd7 Rb2 28. Qa8+ Kh7 29. Qd5 g6 30. Qc4 Kg7 31. a4 Reb6 32. Qd4 Ra2 33. Qxf6+
Kxf6 34. Rd4 Ke6 35. Rfd1 g5 36. h4 Rbb2 37. hxg5 Rxf2 38. Rd6+ Ke7 39. Rxa6
Rg2+ 40. Kf1 Rxg3 41. Ra7+ Kf8 42. Rd8+ Kg7 43. Raa8 Rf3+ 44. Kg1 Kg6 45. Rg8+
Kf5 46. Ra5+ Kg4 47. g6 f5 48. Rf8 0-1

[Event "Open de Otoño Fundación CajaCanarias"]
[Site "Santa Cruz de Tenerife ESP"]
[Date "2014.10.30"]
[Round "3.10"]
[White "Evora Brondo, Jose Luis"]
[Black "Perez Perez, Gabriel"]
[Result "1-0"]
[WhiteElo "1915"]
[BlackElo "1534"]
[PlyCount "97"]
[EventDate "2014.10.27"]
[EventType "swiss"]
[EventRounds "9"]
[EventCountry "ESP"]
[Source "lmi"]
[SourceDate "2014.10.27"]

1. Nf3 Nf6 2. g3 d5 3. d4 c6 4. Bg2 Bf5 5. O-O h6 6. b3 e6 7. Ba3 Bxa3 8. Nxa3
Qe7 9. Qc1 b5 10. c3 O-O 11. Nc2 a5 12. Ne5 Rc8 13. Ne3 Bh7 14. a4 Ne4 15. Nd3
Nd7 16. f3 Nd6 17. Qa3 Nf5 18. Nxf5 Qxa3 19. Nxh6+ gxh6 20. Rxa3 Nb6 21. Nc5
Rc7 22. Rfa1 Rca7 23. e4 Nc8 24. exd5 b4 25. cxb4 axb4 26. R3a2 cxd5 27. Bf1
Nd6 28. g4 h5 29. h3 Rc7 30. a5 Kf8 31. Ra4 hxg4 32. hxg4 Nb7 33. Na6 Rc3 34.
Rxb4 Nd8 35. Nb8 Rxf3 36. Be2 Rc3 37. a6 Ra7 38. Ra5 Bc2 39. Rab5 Bd3 40. Bxd3
Rxd3 41. Rc5 Ra8 42. Rc8 Ke8 43. Rb7 Rd1+ 44. Kf2 Ra1 45. Rd7 Ra2+ 46. Ke3 Kf8
47. Rcxd8+ Kg7 48. b4 Rb2 49. a7 1-0

[Event "Open de Otoño Fundación CajaCanarias"]
[Site "Santa Cruz de Tenerife ESP"]
[Date "2014.10.30"]
[Round "3.11"]
[White "Rodriguez Redondo, Adhara"]
[Black "Martin Ortega, Oscar"]
[Result "0-1"]
[WhiteElo "1510"]
[BlackElo "1909"]
[PlyCount "62"]
[EventDate "2014.10.27"]
[EventType "swiss"]
[EventRounds "9"]
[EventCountry "ESP"]
[Source "lmi"]
[SourceDate "2014.10.27"]

1. e4 c5 2. Nf3 Nc6 3. d4 cxd4 4. Nxd4 g6 5. Be3 Bg7 6. Be2 Nf6 7. Nc3 O-O 8.
O-O d6 9. f4 Bd7 10. Bf3 Rc8 11. Nxc6 Bxc6 12. g4 a6 13. f5 Nd7 14. Bg2 Ne5 15.
h3 Nc4 16. Qc1 Nxe3 17. Qxe3 Qa5 18. g5 Be5 19. f6 exf6 20. gxf6 Qc5 21. Qxc5
dxc5 22. Nd5 Bxd5 23. exd5 Bxb2 24. Rab1 Bd4+ 25. Kh1 b5 26. a3 Rfe8 27. h4
Rcd8 28. Rb3 Rd6 29. Rd3 Bxf6 30. Rdf3 Kg7 31. Rf4 h6 0-1

[Event "Open de Otoño Fundación CajaCanarias"]
[Site "Santa Cruz de Tenerife ESP"]
[Date "2014.10.30"]
[Round "3.12"]
[White "Afonso Carrillo, Ivan Alejandr"]
[Black "Darias Darias, Luis"]
[Result "0-1"]
[WhiteElo "1449"]
[BlackElo "1819"]
[PlyCount "91"]
[EventDate "2014.10.27"]
[EventType "swiss"]
[EventRounds "9"]
[EventCountry "ESP"]
[Source "lmi"]
[SourceDate "2014.10.27"]

1. e4 e5 2. Nf3 d6 3. d4 Bg4 4. dxe5 Bxf3 5. gxf3 dxe5 6. Qxd8+ Kxd8 7. Bc4 Ke8
8. Nc3 c6 9. Bd2 Nd7 10. O-O-O Nb6 11. Bb3 g6 12. f4 exf4 13. Bxf4 Bh6 14. Bxh6
Nxh6 15. f3 Ke7 16. Rd3 Rhd8 17. Rhd1 Rxd3 18. Rxd3 Rd8 19. Kd2 f5 20. Ke3 Rf8
21. Kf4 fxe4+ 22. Kxe4 Nd7 23. Re3 Nf5 24. Re1 Kf6 25. Kf4 g5+ 26. Kg4 h5+ 27.
Kh3 g4+ 28. fxg4 hxg4+ 29. Kg2 Nc5 30. Ne4+ Nxe4 31. Rxe4 Rd8 32. Re2 Kg5 33.
c3 Nh4+ 34. Kf1 Nf3 35. a3 Rh8 36. Re7 Nd2+ 37. Kg2 Nxb3 38. Rxb7 Nc1 39. Rxa7
Nd3 40. Rb7 Nf4+ 41. Kh1 g3 42. Rg7+ Ng6 43. h4+ Rxh4+ 44. Kg2 Rg4 45. b3 Kf6
46. Rg8 0-1

[Event "Open de Otoño Fundación CajaCanarias"]
[Site "Santa Cruz de Tenerife ESP"]
[Date "2014.10.30"]
[Round "3.13"]
[White "Gonzalez Diaz, Eusebio"]
[Black "Medina Sanchez, Gines"]
[Result "0-1"]
[WhiteElo "1440"]
[BlackElo "1740"]
[PlyCount "124"]
[EventDate "2014.10.27"]
[EventType "swiss"]
[EventRounds "9"]
[EventCountry "ESP"]
[Source "lmi"]
[SourceDate "2014.10.27"]

1. e4 c5 2. Nf3 d6 3. d4 cxd4 4. Nxd4 Nf6 5. Nc3 g6 6. Be3 a6 7. Bc4 Ng4 8. Bg5
h6 9. Bh4 Bg7 10. h3 Ne5 11. Bb3 Nbc6 12. Nxc6 bxc6 13. f4 Nd7 14. a3 Qa5 15.
O-O Nc5 16. e5 d5 17. Ba2 Qc7 18. b4 Ne6 19. Qd2 O-O 20. Rae1 Nd8 21. Bg3 Bf5
22. Ne2 Ne6 23. Rf3 Be4 24. Re3 Rad8 25. c3 c5 26. Rc1 Qc6 27. Qb2 Rc8 28. Bf2
Bxg2 29. bxc5 Nxc5 30. Nd4 Qd7 31. Kxg2 Rb8 32. Qe2 Rb6 33. Rc2 Rfb8 34. c4
dxc4 35. Rec3 Qb7+ 36. Kh2 Ne4 37. Rxc4 Nxf2 38. Qxf2 e6 39. Qg2 Qd7 40. Qf2
Kh7 41. Rc7 Qa4 42. Qe3 R8b7 43. R7c3 Rd7 44. Rc4 Qa5 45. Qc3 Qxc3 46. R2xc3
Rxd4 47. Rc2 Rd7 48. Rb4 Rxb4 49. axb4 Rb7 50. Rb2 Bf8 51. b5 axb5 52. Bc4 b4
53. Ba6 Ra7 54. Bc4 Ra3 55. Rb3 Ra2+ 56. Kg3 Rc2 57. Bd3 Rc3 58. Kg4 Rxb3 59.
Bc4 Rc3 60. Ba2 b3 61. Bb1 b2 62. f5 gxf5+ 0-1